000 00825 a2200265 4500
005 20251204150228.0
008 251204b |||||||| |||| 00| 0 eng d
020 _a978-1-350-42617-7 (pbk)
037 _cTB
040 _aCRL
_cCRL
041 _aeng
084 _aY15 R4
_qCRL
100 _aLi-Hsiang Lisa Rosenlee
_9821984
245 _aConfucian feminism:
_bPractical ethic for life
260 _bBloomsbury Academic
_c2024
_aLondon
300 _a206p.
365 _b 19.99
_cUKP
490 _aBloomsbury introductions to world philosopheries
650 _2Sociology
650 _2Feminism
650 _2Ethics
700 _aLi-Hsiang Lisa Rosenlee
_eAuthor
_9854620
942 _cTB
_2CC
_n0
_hY15 R4
999 _c1435822
_d1435822